| 000 -LEADER |
| fixed length control field |
01954cam a2200433 a 4500 |
| 001 - CONTROL NUMBER |
| control field |
15225472 |
| 003 - CONTROL NUMBER IDENTIFIER |
| control field |
NUST |
| 005 - DATE AND TIME OF LATEST TRANSACTION |
| control field |
20191008123628.0 |
| 008 - FIXED-LENGTH DATA ELEMENTS--GENERAL INFORMATION |
| fixed length control field |
080319s2008 dcua bt f000 0 eng c |
| 010 ## - LIBRARY OF CONGRESS CONTROL NUMBER |
| LC control number |
2008925357 |
| 020 ## - INTERNATIONAL STANDARD BOOK NUMBER |
| International Standard Book Number |
9780309098083 (pbk.) |
| 035 ## - SYSTEM CONTROL NUMBER |
| System control number |
(OCoLC)ocn270769912 |
| 038 ## - RECORD CONTENT LICENSOR |
| Staff Name |
MSOHAIL |
| 040 ## - CATALOGING SOURCE |
| Original cataloging agency |
JCR |
| Transcribing agency |
JCR |
| Modifying agency |
OHDOT |
| -- |
IQU |
| -- |
DLC |
| 042 ## - AUTHENTICATION CODE |
| Authentication code |
pcc |
| 050 00 - LIBRARY OF CONGRESS CALL NUMBER |
| Classification number |
TE203 |
| Item number |
.A67 2008 |
| 082 ## - DEWEY DECIMAL CLASSIFICATION NUMBER |
| Classification number |
0 |
| 245 00 - TITLE STATEMENT |
| Title |
Applications of illuminated, active, in-pavement marker systems / |
| Statement of responsibility, etc. |
consultants: Jodi L. Carson ... [et al.]. |
| 246 30 - VARYING FORM OF TITLE |
| Title proper/short title |
Illuminated, active, in-pavement marker systems |
| 260 ## - PUBLICATION, DISTRIBUTION, ETC. |
| Place of publication, distribution, etc. |
Washington, D.C. : |
| Name of publisher, distributor, etc. |
Transportation Research Board, |
| Date of publication, distribution, etc. |
2008. |
| 300 ## - PHYSICAL DESCRIPTION |
| Extent |
70 p. : |
| Other physical details |
col. ill. ; |
| Dimensions |
28 cm. |
| 490 0# - SERIES STATEMENT |
| Series statement |
NCHRP synthesis, |
| International Standard Serial Number |
0547-5570 ; |
| Volume/sequential designation |
380 |
| 500 ## - GENERAL NOTE |
| General note |
"A synthesis of highway practice." |
| 500 ## - GENERAL NOTE |
| General note |
At head of title: National Cooperative Highway Research Program. |
| 504 ## - BIBLIOGRAPHY, ETC. NOTE |
| Bibliography, etc. note |
Includes bibliographical references (p. 44-45). |
| 530 ## - ADDITIONAL PHYSICAL FORM AVAILABLE NOTE |
| Additional physical form available note |
Also available online. |
| 536 ## - FUNDING INFORMATION NOTE |
| Text of note |
Research sponsored by the American Association of State Highway and Transportation Officials in cooperation with the Federal Highway Administration |
| Project number |
NCHRP project 20-5, topic 38-13 |
| 650 #0 - SUBJECT ADDED ENTRY--TOPICAL TERM |
| Topical term or geographic name entry element |
Road markings. |
| 9 (RLIN) |
21187 |
| 650 #0 - SUBJECT ADDED ENTRY--TOPICAL TERM |
| Topical term or geographic name entry element |
Roads |
| General subdivision |
Lighting. |
| 9 (RLIN) |
20007 |
| 700 1# - ADDED ENTRY--PERSONAL NAME |
| Personal name |
Carson, Jodi L. |
| Fuller form of name |
(Jodi Louise) |
| 9 (RLIN) |
22505 |
| 710 2# - ADDED ENTRY--CORPORATE NAME |
| Corporate name or jurisdiction name as entry element |
National Research Council (U.S.). |
| Subordinate unit |
Transportation Research Board. |
| 9 (RLIN) |
23149 |
| 710 2# - ADDED ENTRY--CORPORATE NAME |
| Corporate name or jurisdiction name as entry element |
National Cooperative Highway Research Program. |
| 9 (RLIN) |
20864 |
| 710 2# - ADDED ENTRY--CORPORATE NAME |
| Corporate name or jurisdiction name as entry element |
American Association of State Highway and Transportation Officials. |
| 9 (RLIN) |
19553 |
| 710 1# - ADDED ENTRY--CORPORATE NAME |
| Corporate name or jurisdiction name as entry element |
United States. |
| Subordinate unit |
Federal Highway Administration. |
| 9 (RLIN) |
20149 |
| 856 41 - ELECTRONIC LOCATION AND ACCESS |
| Materials specified |
TRB access |
| Uniform Resource Identifier |
<a href="http://onlinepubs.trb.org/onlinepubs/nchrp/nchrp_syn_380.pdf">http://onlinepubs.trb.org/onlinepubs/nchrp/nchrp_syn_380.pdf</a> |
| 906 ## - LOCAL DATA ELEMENT F, LDF (RLIN) |
| a |
7 |
| b |
cbc |
| c |
pccadap |
| d |
2 |
| e |
ncip |
| f |
20 |
| g |
y-gencatlg |
| 942 ## - ADDED ENTRY ELEMENTS (KOHA) |
| Source of classification or shelving scheme |
|
| Koha item type |
Book |